Countries with the highest gun rate - Statistics

General Stats
  • This quiz has been taken 533 times
  • The average score is 9 of 20
Answer Stats
Gun owners Country % Correct
88.8% United States
100%
30.8% Canada
82%
30.3% Germany
69%
31.2% France
66%
34.2% Iraq
60%
31.6% Sweden
53%
32.0% Finland
51%
31.3% Norway
51%
35.0% Saudi Arabia
49%
45.7% Switzerland
47%
30.4% Austria
40%
30.3% Iceland
39%
54.8% Yemen
39%
25.5% Oman
33%
58.2% Serbia
28%
24.8% Kuwait
27%
24.8% Bahrain
23%
24.1% Macedonia
14%
36.4% Cyprus
13%
31.8% Uruguay
9%
No matching quizzes found
Score Distribution
Percent of People with Each Score
Percentile by Number Answered
Your Score History
You have not taken this quiz